|
|
|
|
| LEADER |
01151nam a22002777a 4500 |
| 001 |
35034 |
| 003 |
BD-DhAAL |
| 005 |
20190806111728.0 |
| 008 |
190804t2018 bg ||||| |||| 00| 0 ben d |
| 999 |
|
|
|c 41008
|d 41008
|
| 020 |
|
|
|a 9847014800070
|
| 040 |
|
|
|a BD-DhAAL
|
| 082 |
|
|
|a 891.4436
|2 23
|
| 100 |
|
|
|a মুখোপাধ্যায়, শীর্ষেন্দু
|9 33318
|
| 245 |
|
|
|a মানবজমিন /
|c শীর্ষেন্দু মুখোপাধ্যায়
|
| 246 |
|
|
|a Manobjamin
|
| 250 |
|
|
|a দ্বিতীয় সংস্করণ
|
| 260 |
|
|
|a ঢাকা :
|b জ্যোৎস্না পাবলিশার্স,
|c ২০১৮
|
| 300 |
|
|
|a ৪৯২ পৃষ্ঠা ;
|c ২২ সে.মি.
|
| 500 |
|
|
|a A novel
|
| 526 |
|
|
|a AAL
|
| 541 |
|
|
|a Development Book Agency
|e 35034
|
| 650 |
|
|
|a Bengali fiction.
|9 33319
|
| 852 |
|
|
|a Ayesha Abed Library
|c General Stacks
|
| 942 |
|
|
|2 ddc
|c BK
|
| 952 |
|
|
|0 0
|1 0
|2 ddc
|4 0
|6 891_443600000000000_MUK
|7 0
|9 65885
|a BRACUL
|b BRACUL
|c GEN
|d 2019-07-24
|e Development Book Agency
|g 340.00
|l 8
|m 70
|o 891.4436 MUK
|p 3010035034
|r 2025-11-10
|s 2025-11-03
|t 1
|v 340.00
|w 2019-07-24
|y BK
|